<?xml version="1.0" encoding="UTF-8"?>
<collection xmlns:xsi="http://www.w3.org/2001/XMLSchema-instance" xsi:schemaLocation="http://www.loc.gov/MARC21/slim http://www.loc.gov/standards/marcxml/schema/MARC21slim.xsd" xmlns="http://www.loc.gov/MARC21/slim">
 <record>
  <leader>00000ctm a22000004a 4500</leader>
  <controlfield tag="001">UP-99796217605976251</controlfield>
  <controlfield tag="003">Buklod</controlfield>
  <controlfield tag="005">20230503092542.0</controlfield>
  <controlfield tag="006">m     o  j        </controlfield>
  <controlfield tag="007">ta</controlfield>
  <controlfield tag="008">030101s1985    xx      r    |000 u|eng d</controlfield>
  <datafield tag="035" ind1=" " ind2=" ">
   <subfield code="a">(iLib)UPD-00000368449</subfield>
  </datafield>
  <datafield tag="040" ind1=" " ind2=" ">
   <subfield code="a">ILS</subfield>
  </datafield>
  <datafield tag="041" ind1=" " ind2=" ">
   <subfield code="a">eng</subfield>
  </datafield>
  <datafield tag="090" ind1=" " ind2=" ">
   <subfield code="a">LG 995 1985 L4</subfield>
   <subfield code="b">M34</subfield>
  </datafield>
  <datafield tag="100" ind1="1" ind2=" ">
   <subfield code="a">Mansjur, Surya</subfield>
   <subfield code="e">author.</subfield>
  </datafield>
  <datafield tag="245" ind1="1" ind2="0">
   <subfield code="a">Cooperation among agricultural research libraries within the Agency for Agricultural Research and Development (AARD), and the role of the National Library for Agricultural Sciences (NLAS) as the coordinator</subfield>
   <subfield code="b">development, problems and prospects</subfield>
   <subfield code="c">by Surya Mansjur ; Rosa M. Vallejo, adviser.</subfield>
  </datafield>
  <datafield tag="264" ind1=" " ind2="1">
   <subfield code="a">Quezon City : Institute of Library Science, University of the Philippines Diliman</subfield>
   <subfield code="c">1985.</subfield>
  </datafield>
  <datafield tag="300" ind1=" " ind2=" ">
   <subfield code="a">xv, 199 leaves</subfield>
   <subfield code="b">illustrations</subfield>
  </datafield>
  <datafield tag="500" ind1=" " ind2=" ">
   <subfield code="a">Mimeographed.</subfield>
  </datafield>
  <datafield tag="502" ind1=" " ind2=" ">
   <subfield code="a">Special Problem (Master of Library Science)--University of the Philippines Diliman</subfield>
   <subfield code="d">March 1985.</subfield>
  </datafield>
  <datafield tag="520" ind1="3" ind2=" ">
   <subfield code="a">The purpose of this study is to describe the nature and extent of cooperative activities among agricultural research libraries within the AARD, and to identify the problems and factors that hinder or promote cooperation among these libraries.</subfield>
  </datafield>
  <datafield tag="520" ind1="3" ind2=" ">
   <subfield code="a">Questionnaire was used to gather data from the twenty seven agricultural research libraries under the AARD.  The questionnaire elicited answers as to status of each library in terms of staff, collection, services and facilities.  It also explored the extent of library cooperation among these libraries and the role of the NLAS in coordinating the various types of cooperative activities.  Frequency distribution and percentages were used to analyze the data.</subfield>
  </datafield>
  <datafield tag="520" ind1="3" ind2=" ">
   <subfield code="a">The findings of the study revealed that research fields for which the agricultural research libraries serve covered agricultural data processing, and researches in agro-economic, soil, food crops, horticulture, industrial crops, animal science, fisheries, and estate crops.  All the agricultural research libraries surveyed are engaged in some form of cooperative programs, particularly acquisition of books and periodicals, interlibrary loan and exchange of publications.  Most of the cooperative activities which started as early as 1975 were carried out on a formal basis.  Furthermore, interlibrary loans were effected only among small number of libraries within the same region, more particularly by those within a closely-related subject.  To avoid difficulties in dispatch and returning loaned materials, more libraries espoused the photocopying service rather than lending the original materials.</subfield>
  </datafield>
  <datafield tag="520" ind1="3" ind2=" ">
   <subfield code="a">The study recommends that a union catalog which covers the entire collection of all agricultural research libraries within the AARD should be organized as soon as possible, and that all the libraries concerned should participate seriously.  Moreover, to accelerate the development of research institutes' libraries and to solve the problem of lack of manpower, the NLAS should continue to intensify the upgrading of the education of library personnel working in the research institutes, and be more aggressive in its program of supervising and coordinating the library cooperative activities among the agricultural research libraries.  Finally, the Library Committee should be more active and sensitive towards library problems and the librarians should be given more opportunities for participation.</subfield>
  </datafield>
  <datafield tag="650" ind1=" " ind2="0">
   <subfield code="a">Agricultural libraries</subfield>
   <subfield code="z">Indonesia.</subfield>
  </datafield>
  <datafield tag="650" ind1=" " ind2="0">
   <subfield code="a">Indonesia</subfield>
   <subfield code="x">Agency for Agricultural Research and Development.</subfield>
  </datafield>
  <datafield tag="650" ind1=" " ind2="0">
   <subfield code="a">Indonesia</subfield>
   <subfield code="x">National Library for Agricultural Sciences.</subfield>
  </datafield>
  <datafield tag="650" ind1=" " ind2="0">
   <subfield code="a">Library cooperation</subfield>
   <subfield code="z">Indonesia.</subfield>
  </datafield>
  <datafield tag="650" ind1=" " ind2="0">
   <subfield code="a">Research libraries</subfield>
   <subfield code="z">Indonesia.</subfield>
  </datafield>
  <datafield tag="700" ind1="1" ind2=" ">
   <subfield code="a">Vallejo, Rosa M.</subfield>
   <subfield code="e">adviser.</subfield>
  </datafield>
  <datafield tag="842" ind1=" " ind2=" ">
   <subfield code="a">Thesis</subfield>
  </datafield>
  <datafield tag="905" ind1=" " ind2=" ">
   <subfield code="a">FI</subfield>
  </datafield>
  <datafield tag="905" ind1=" " ind2=" ">
   <subfield code="a">UP</subfield>
  </datafield>
  <datafield tag="852" ind1="0" ind2=" ">
   <subfield code="a">UPD</subfield>
   <subfield code="b">DLS</subfield>
   <subfield code="h">LG 995 1985 L4 M34</subfield>
  </datafield>
  <datafield tag="942" ind1=" " ind2=" ">
   <subfield code="a">Thesis</subfield>
  </datafield>
 </record>
</collection>
